ბათუმის შოთა რუსთაველის სახელმწიფო უნივერსიტეტის ბიბლიოთეკა

საქართველოს ისტორია ოთხ ტომად ტ.3 საქართველო XIII საუკუნიდან XIX საუკუნამდე (ბიბ.ჩანაწერი № 49336)

000 -LEADER
fixed length control field 00850nam a2200205Ia 4500
001 - CONTROL NUMBER
control field 16253
003 - CONTROL NUMBER IDENTIFIER
control field GE_BSU
008 - FIXED-LENGTH DATA ELEMENTS--GENERAL INFORMATION
fixed length control field 181216s||||||||xx |||||||||||||| ||und||
040 ## - CATALOGING SOURCE
Transcribing agency GE_BSU
245 ## - TITLE STATEMENT
Title საქართველოს ისტორია ოთხ ტომად ტ.3 საქართველო XIII საუკუნიდან XIX საუკუნამდე
245 ## - TITLE STATEMENT
Remainder of title უძველესი დროიდან XX საუკუნის ბოლომდე
245 ## - TITLE STATEMENT
Statement of responsibility, etc. რედ.მიხეილ სამსონაძე
260 ## - PUBLICATION, DISTRIBUTION, ETC.
Place of publication, distribution, etc. თბილისი.
260 ## - PUBLICATION, DISTRIBUTION, ETC.
Name of publisher, distributor, etc. პალიტრაL
260 ## - PUBLICATION, DISTRIBUTION, ETC.
Date of publication, distribution, etc. 2014.
300 ## - PHYSICAL DESCRIPTION
Extent 528გვ;ილ,+16ჩართ.ფ.ილ,26სმ.
653 ## - INDEX TERM--UNCONTROLLED
Uncontrolled term საქართველოს ისტორია
942 ## - ADDED ENTRY ELEMENTS (KOHA)
Koha item type წიგნი
ეგზემპლარები
Withdrawn status Lost status Damaged status Not for loan Date acquired Barcode Date last seen Price effective from Koha item type
        2018-12-17 40263 2018-12-17 2018-12-17 წიგნი
        2018-12-17 40264 2018-12-17 2018-12-17 წიგნი
        2018-12-17 40265 2018-12-17 2018-12-17 წიგნი